000 01394nam0a2200361 4500
001 RU\NLR\bibl\886340
005 20250614170743.0
010 _a5-89144-598-0
_bв обл.
_9500
021 _aRU
_b2005-57455
_92812
035 _a(nilc)RSL-KNO-002709185
035 _a(NLR Aleph) 000874871
090 _a1622438
_c1622438
100 _a20050907d2005 |||y0rusy50 ca
101 0 _arus
102 _aRU
105 _ay |||||||||
106 _ar
200 1 _aЛогистика природы в идентификациях универсального естествознания
_e(препр. моногр.)
_fР. Б. Халитов
210 _aМ.
_cТвор. центр Сфера
_d2005
_gГУП Смол. обл. тип. им. В.И. Смирнова
215 _a142, [1] с.
_d21
320 _aБиблиогр.: с. 77
606 1 _aЕстествознание
_xЛогико-математический анализ
_92408287
_3RU\NLR\auth\661435099
610 0 _aЕстествознание -- Пособие для специалистов
686 _aБ,07
_2rubbk
686 _aБ.в641
700 1 _aХалитов
_bР. Б.
_f1927-
_gРашид Бурханович
_4070
801 0 _aRU
_bRuMoRKP
_c20050907
_grcr
801 1 _aRU
_bRuMoRGB
_c20050907
801 2 _aRU
_bNLR
_c20051209
_grcr
830 _aпо кн
942 _cBOOK
980 _aNB